[Event "Skalica op"]
[Site "Skalica"]
[Date "2020.01.11"]
[Round "5"]
[White "Sosovickova, Martina"]
[Black "Melich, Jindrich"]
[Result "0-1"]
[WhiteElo "1339"]
[BlackElo "2046"]
[PlyCount "126"]
[EventDate "2020.01.11"]
[EventType "swiss"]
[EventRounds "9"]
[EventCountry "SVK"]
[SourceTitle "CBM 194 Extra"]
[Source "ChessBase"]
[SourceDate "2020.03.31"]
[SourceVersion "1"]
[SourceVersionDate "2020.03.31"]
[SourceQuality "1"]

1. e4 d6 2. d4 Nf6 3. Nc3 g6 4. Nf3 Bg7 5. Bf4 c6 6. Bc4 0-0 7. 0-0 Nxe4 8. Nxe4 d5 9. Bd3 dxe4 10. Bxe4 Nd7 11. c3 Nf6 12. Bc2 Be6 13. Qd2 Re8 14. Rfe1 a5 15. a3 a4 16. Rad1 Qb6 17. Bb1 Ra5 18. Ne5 Nd7 19. Nxd7 Bxd7 20. h3 Rb5 21. Re2 Be6 22. Bd3 Ra5 23. Rde1 Qd8 24. Bh6 Bf6 25. Bg5 Bxg5 26. Qc2 Bb3 27. Qb1 Rd5 28. Bc2 Bxc2 29. Qxc2 b5 30. b3 axb3 31. Qxb3 Qd6 32. a4 Ra8 33. axb5 cxb5 34. Qc2 Bf6 35. Re4 Rc8 36. Qb3 e6 37. R4e2 Kg7 38. Ra2 b4 39. Qxb4 Qxb4 40. cxb4 Rb8 41. Rb1 Bxd4 42. Rc2 Rdb5 43. Rc4 e5 44. Kf1 R8b7 45. Ke2 g5 46. f3 h5 47. Kd3 f5 48. Kc2 Ra7 49. Kb3 h4 50. Rbc1 Rab7 51. Ka4 R5b6 52. Ka3 Kg6 53. Ka4 Ra7+ 54. Kb3 Ra1 55. Rc6+ Rxc6 56. Rxc6+ Kh5 57. Rf6 Rg1 58. Rxf5 Rxg2 59. b5 Rg3 60. Rf6 Rxh3 61. b6 Bxb6 62. Rxb6 Rxf3+ 63. Kc4 h3 0-1

[Event "Prague Golden rap op 13th"]
[Site "Prague"]
[Date "2017.07.01"]
[Round "2"]
[White "Konopka, Michal"]
[Black "Melich, Jindrich"]
[Result "1-0"]
[WhiteElo "2415"]
[BlackElo "2049"]
[PlyCount "44"]
[EventDate "2017.07.01"]
[EventType "swiss (rapid)"]
[EventRounds "7"]
[EventCountry "CZE"]
[SourceTitle "EXT 2018"]
[Source "ChessBase"]
[SourceDate "2017.10.13"]
[SourceVersion "1"]
[SourceVersionDate "2017.10.13"]
[SourceQuality "1"]

1. Nf3 c5 2. c4 b6 3. g3 Bb7 4. Bg2 Nf6 5. 0-0 e6 6. Nc3 Be7 7. d4 d6 8. d5 exd5 9. Nh4 Qd7 10. cxd5 0-0 11. e4 Ne8 12. Nf5 Bf6 13. a4 Na6 14. Bh3 Qd8 15. Bf4 Nac7 16. Qf3 Bc8 17. Rad1 Bxf5 18. Bxf5 Qe7 19. Qd3 g6 20. Bh3 a6 21. Rfe1 Ng7 22. e5 Nge8 1-0

[Event "Prague Golden rap op 13th"]
[Site "Prague"]
[Date "2017.07.01"]
[Round "7"]
[White "Melich, Jindrich"]
[Black "Ruzicka, Ondrej"]
[Result "1-0"]
[WhiteElo "2049"]
[BlackElo "1890"]
[PlyCount "79"]
[EventDate "2017.07.01"]
[EventType "swiss (rapid)"]
[EventRounds "7"]
[EventCountry "CZE"]
[SourceTitle "EXT 2018"]
[Source "ChessBase"]
[SourceDate "2017.10.13"]
[SourceVersion "1"]
[SourceVersionDate "2017.10.13"]
[SourceQuality "1"]

1. b4 e5 2. Bb2 Bxb4 3. Bxe5 Nf6 4. c4 0-0 5. Nf3 Re8 6. e3 Nc6 7. Bb2 d6 8. Be2 a5 9. a3 Bc5 10. d4 Bb6 11. Nc3 Bg4 12. 0-0 Qd7 13. Qc2 Bf5 14. Bd3 Bxd3 15. Qxd3 d5 16. Rfc1 Rad8 17. h3 dxc4 18. Qxc4 Nd5 19. Na4 Re6 20. Nc5 Bxc5 21. Qxc5 Rg6 22. Kh1 Rh6 23. Nh2 Qf5 24. Qc2 Qg5 25. Qe4 Re6 26. Qg4 Qh6 27. Rc5 b6 28. Rc4 Nf6 29. Qf3 Ne7 30. Rxc7 Ned5 31. Rc2 b5 32. Rac1 Ree8 33. Ng4 Nxg4 34. Qxg4 Qf6 35. Rc8 Qxf2 36. Rxd8 Rxd8 37. Rc8 Qf6 38. Qd7 h6 39. Qxd8+ Qxd8 40. Rxd8+ 1-0

[Event "CZE-chT2A 1617"]
[Site "Czech Republic"]
[Date "2017.01.15"]
[Round "6.6"]
[White "Melich, Jindrich"]
[Black "Kopriva, Martin"]
[Result "1/2-1/2"]
[WhiteElo "2024"]
[BlackElo "2057"]
[PlyCount "122"]
[EventDate "2016.10.09"]
[EventType "team-tourn"]
[EventRounds "11"]
[EventCountry "CZE"]
[SourceTitle "EXT 2022"]
[Source "ChessBase"]
[SourceDate "2021.10.06"]
[SourceVersion "1"]
[SourceVersionDate "2021.10.06"]
[SourceQuality "1"]
[WhiteTeam "Pankrac II"]
[BlackTeam "Plzen Kosutka"]
[WhiteTeamCountry "CZE"]
[BlackTeamCountry "CZE"]

1. b4 e5 2. Bb2 d6 3. c4 f5 4. Nc3 Nf6 5. e3 g6 6. Nf3 Bg7 7. Be2 0-0 8. 0-0 h6 9. d4 e4 10. Nd2 Qe8 11. Qc2 g5 12. b5 Be6 13. a4 Bf7 14. a5 Bg6 15. Rfc1 f4 16. Qb3 Kh8 17. Rf1 Bf5 18. Nd1 f3 19. gxf3 Bh3 20. fxe4 Nxe4 21. Nxe4 Qxe4 22. f3 Qe7 23. Rf2 Nd7 24. a6 bxa6 25. Rxa6 Nf6 26. Bf1 Bxf1 27. Kxf1 g4 28. f4 Ne4 29. Rg2 Qh4 30. Qc2 Rae8 31. Nf2 Nf6 32. Ra3 d5 33. c5 h5 34. Bc1 Ne4 35. Nxe4 Rxe4 36. Qf2 Qe7 37. Rxa7 Bf6 38. b6 Bh4 39. Qe2 Qh7 40. Rxc7 Qf5 41. b7 Bf6 42. Qb2 Bh4 43. Bd2 Ree8 44. Qb3 Qe4 45. Qd1 Qd3+ 46. Re2 Rxe3 47. Rc8 Rfe8 48. Rxe8+ Rxe8 49. Be1 Qf3+ 50. Kg1 Rxe2 51. b8Q+ Kg7 52. Qxe2 Qxe2 53. Bxh4 Qd1+ 54. Kg2 Qf3+ 55. Kg1 Qd1+ 56. Kf2 Qd2+ 57. Kf1 Qd1+ 58. Be1 Qd3+ 59. Kg1 Qxd4+ 60. Kg2 Qe4+ 61. Kf1 Qd3+ 1/2-1/2

[Event "CZE-chT2C 1516"]
[Site "Czech Republic"]
[Date "2016.01.24"]
[Round "6.6"]
[White "Melich, Jindrich"]
[Black "Jurasek, Miroslav"]
[Result "0-1"]
[WhiteElo "2032"]
[BlackElo "2314"]
[PlyCount "98"]
[EventDate "2015.10.18"]
[EventType "team-tourn"]
[EventRounds "11"]
[EventCountry "CZE"]
[SourceTitle "EXT 2022"]
[Source "ChessBase"]
[SourceDate "2021.10.06"]
[SourceVersion "1"]
[SourceVersionDate "2021.10.06"]
[SourceQuality "1"]
[WhiteTeam "Pankrac II"]
[BlackTeam "Lysa nad Labem III"]
[WhiteTeamCountry "CZE"]
[BlackTeamCountry "CZE"]

1. b4 d5 2. Bb2 Nf6 3. e3 Bf5 4. Nf3 e6 5. c4 Nbd7 6. c5 a5 7. a3 axb4 8. axb4 Rxa1 9. Bxa1 c6 10. Nc3 Be7 11. Be2 e5 12. 0-0 0-0 13. Qa4 Ne8 14. d4 exd4 15. exd4 Nc7 16. Bb2 Bf6 17. h3 Ne6 18. Rd1 h6 19. Qb3 Re8 20. Bf1 Ndf8 21. Ne2 Nc7 22. Nc3 Ng6 23. Bc1 Nh4 24. Nxh4 Bxh4 25. Bf4 Ne6 26. Be5 Bf6 27. Bxf6 Qxf6 28. Ne2 Bg6 29. Qc3 Bh5 30. Rd2 Bxe2 31. Rxe2 Kf8 32. Rd2 Ng5 33. Rd1 Re4 34. Qb2 g6 35. Bd3 Rf4 36. b5 Kg7 37. bxc6 bxc6 38. Bf1 Re4 39. Qb7 Rxd4 40. Rxd4 Qxd4 41. Qxc6 Ne4 42. Ba6 Qxf2+ 43. Kh2 Qg3+ 44. Kg1 Qe3+ 45. Kh2 Nxc5 46. Bb5 Qe5+ 47. Kg1 Ne6 48. Qc1 d4 49. Bc4 d3 0-1

[Event "Calvia Amateur op 11th"]
[Site "Calvia"]
[Date "2014.10.11"]
[Round "8"]
[White "Ponce Cano, Adrian"]
[Black "Melich, Jindrich"]
[Result "1-0"]
[WhiteElo "1996"]
[BlackElo "2084"]
[PlyCount "59"]
[EventDate "2014.10.04"]
[EventType "swiss"]
[EventRounds "9"]
[EventCountry "ESP"]
[SourceTitle "EXT 2015"]
[Source "ChessBase"]
[SourceDate "2014.11.20"]
[SourceVersion "1"]
[SourceVersionDate "2014.11.20"]
[SourceQuality "1"]

1. e4 d6 2. d4 Nf6 3. Nc3 g6 4. f3 c6 5. Be3 Nbd7 6. Qd2 b5 7. g4 Nb6 8. a3 a6 9. h4 h5 10. g5 Nfd7 11. f4 d5 12. f5 Bg7 13. Bd3 Nc4 14. Bxc4 bxc4 15. Nge2 dxe4 16. fxg6 fxg6 17. Nxe4 Nb6 18. Rf1 Nd5 19. N4c3 Bf5 20. Ng3 e6 21. Nxf5 exf5 22. 0-0-0 0-0 23. Bg1 Nxc3 24. Qxc3 Qd5 25. Bh2 Rfe8 26. Rfe1 c5 27. Qa5 Rxe1 28. Qxe1 cxd4 29. Qe7 Qf7 30. Qd6 1-0

[Event "CZE-chT2C 1213"]
[Site "Czech Republic"]
[Date "2012.11.04"]
[Round "2.7"]
[White "Beter, Arnost"]
[Black "Melich, Jindrich"]
[Result "1-0"]
[WhiteElo "2034"]
[BlackElo "2089"]
[PlyCount "127"]
[EventDate "2012.10.14"]
[EventType "team-tourn"]
[EventRounds "11"]
[EventCountry "CZE"]
[SourceTitle "EXT 2015"]
[Source "ChessBase"]
[SourceDate "2014.11.20"]
[SourceVersion "1"]
[SourceVersionDate "2014.11.20"]
[SourceQuality "1"]
[WhiteTeam "Cesky Krumlov"]
[BlackTeam "Pankrac II"]
[WhiteTeamCountry "CZE"]
[BlackTeamCountry "CZE"]

1. e4 d6 2. d4 Nf6 3. Nc3 g6 4. f4 Bg7 5. e5 dxe5 6. dxe5 Qxd1+ 7. Kxd1 Ng4 8. Ke1 c6 9. h3 Nh6 10. Nf3 Nd7 11. Be3 Nb6 12. Rd1 f6 13. exf6 exf6 14. Kf2 Nf5 15. Bc1 h5 16. g3 Be6 17. Bd3 Kf7 18. Rhe1 Rad8 19. Ne4 Rhe8 20. b3 Bc8 21. Bb2 Ne7 22. Ba3 Bxh3 23. Nd6+ Rxd6 24. Bxd6 Nf5 25. Rxe8 Kxe8 26. Bb8 Nc8 27. a4 Bf8 28. Bxf5 Bc5+ 29. Nd4 Bxf5 30. c3 Bg4 31. Re1+ Kd7 32. b4 Bd6 33. Bxd6 Nxd6 34. Nc2 b6 35. Nd4 a6 36. Nf3 Bf5 37. Nd2 Bc2 38. Ra1 g5 39. a5 b5 40. fxg5 fxg5 41. Rh1 Bg6 42. Kf3 Ke6 43. Re1+ Kf6 44. Nb3 Bf5 45. Nc5 Bg4+ 46. Kg2 Bc8 47. Rh1 Kg6 48. Rd1 Nf7 49. Re1 Nd6 50. Re7 h4 51. gxh4 gxh4 52. Rc7 h3+ 53. Kh2 Kf6 54. Rxc6 Ke5 55. Rc7 Kd5 56. Kg1 Bf5 57. Nxa6 Ne4 58. Nb8 Nd2 59. Rc5+ Ke6 60. Rxf5 Kxf5 61. a6 Kf4 62. a7 Kg3 63. a8Q Nf3+ 64. Kh1 1-0

[Event "Ischia op 4th"]
[Site "Ischia"]
[Date "2012.07.24"]
[Round "3"]
[White "Fredericia, Louise Winther"]
[Black "Melich, Jindrich"]
[Result "1-0"]
[WhiteElo "2081"]
[BlackElo "2104"]
[PlyCount "28"]
[EventDate "2012.07.22"]
[EventType "swiss"]
[EventRounds "7"]
[EventCountry "ITA"]
[SourceTitle "EXT 2014"]
[Source "ChessBase"]
[SourceDate "2013.11.20"]
[SourceVersion "1"]
[SourceVersionDate "2013.11.20"]
[SourceQuality "1"]

1. c4 c5 2. g3 b6 3. Bg2 Nc6 4. Nf3 Bb7 5. 0-0 g6 6. Nc3 Bg7 7. d3 Nf6 8. Ne1 0-0 9. Nc2 d6 10. Rb1 Qd7 11. e4 Ne8 12. Ne3 Nc7 13. f4 Nd4 14. f5 b5 1-0